| 000 | 00578nam a2200193Ia 4500 | ||
|---|---|---|---|
| 008 | 140429s9999 xx 000 0 und d | ||
| 020 | _a9780071282833 | ||
| 050 |
_aHF 5635 _b.W668 2009 |
||
| 100 | _aWild, John J. | ||
| 245 |
_aPrinciples of accounting / _cJohn J. Wild, Ken W. Shaw and Barbara Chiappetta. |
||
| 250 | _a9th ed. | ||
| 260 |
_aNew York : _bMcGraw-Hill, _cc2009. |
||
| 300 |
_a1064 p. : _bcol. ill. ; _c28 cm. |
||
| 500 | _aIncludes bibliographical references and index. | ||
| 521 | _aBSA | ||
| 650 | _aAccounting. | ||
| 942 |
_kFOR _cBK |
||
| 999 |
_c115686 _d115686 |
||